000 00374nam a2200133 i 4500
001 49906
003 ES-MaACL
007 t|
008 030725s1967 sp ||||1| spa d
245 0 0 _aCréditos de exportación y financiación del desarrollo.
260 _aNueva York :
_bNaciones Unidas,
_c1967.
300 _aXIX, 139 p. ;
_c28 cm.
852 _aES-MaACL
_jE-8234
_bR.92743
999 _c49906
_d49906